Thermodynamics (Record no. 8344)

000 -LEADER
fixed length control field 00603nam a2200217 i 4500
001 - CONTROL NUMBER
control field 8344
003 - CONTROL NUMBER IDENTIFIER
control field BD-DhUET
008 - FIXED-LENGTH DATA ELEMENTS--GENERAL INFORMATION
fixed length control field 770308s1978 nyua b 001 0 eng
020 ## - INTERNATIONAL STANDARD BOOK NUMBER
International Standard Book Number 0023355301
040 ## - CATALOGING SOURCE
Original cataloging agency DLC
Transcribing agency DLC
Modifying agency BD-DhUET
082 ## - DEWEY DECIMAL CLASSIFICATION NUMBER
Classification number 621.01
Item number FAI/1970
100 ## - MAIN ENTRY--PERSONAL NAME
Personal name Faires, Virgil Moring
245 10 - TITLE STATEMENT
Title Thermodynamics
Statement of responsibility, etc. by Virgil Moring Faires and Clifford Max Simmang
250 ## - EDITION STATEMENT
Edition statement 6th ed.
260 ## - PUBLICATION, DISTRIBUTION, ETC. (IMPRINT)
Place of publication, distribution, etc. New York
Name of publisher, distributor, etc. Macmillan
Date of publication, distribution, etc. 1970
300 ## - PHYSICAL DESCRIPTION
Extent xxiii, 647 p.
Other physical details ill.
Dimensions 26 cm.
504 ## - BIBLIOGRAPHY, ETC. NOTE
Bibliography, etc Includes bibliographies
650 #0 - SUBJECT ADDED ENTRY--TOPICAL TERM
Topical term or geographic name as entry element Thermodynamics
700 ## - ADDED ENTRY--PERSONAL NAME
Personal name Simmang, Clifford Max
942 ## - ADDED ENTRY ELEMENTS (KOHA)
Koha item type General Book
Holdings
Koha date last seen Koha full call number Koha normalized classification for sorting Sublocation or collection (holding branch) Copy number Price effective from Damaged status Withdrawn status Not for loan Location (home branch) Date acquired Koha item type Lost status Shelving location Piece designation (barcode) Source of classification or shelving scheme
2015-01-20621.01/FAI/1978621_010000000000000_FAI_1978Central Library, BUET12015-01-20   Central Library, BUET2015-01-20General Book Circulation section42943 
2024-12-11621.01 FAI/1970621_010000000000000_FAI_1970Central Library, BUET৬/ক-১2024-12-11   Central Library, BUET1985-06-11Rental Item Rental section63135 
2024-12-11621.01 FAI/1970621_010000000000000_FAI_1970Central Library, BUET৬/ক-২2024-12-11   Central Library, BUET1985-06-11Rental Item Rental section63136 
2024-12-11621.01 FAI/1970621_010000000000000_FAI_1970Central Library, BUET৬/ক-৩2024-12-11   Central Library, BUET1985-06-11Rental Item Rental section63137 
2024-12-11621.01 FAI/1970621_010000000000000_FAI_1970Central Library, BUET৬/ক-৪2024-12-11   Central Library, BUET1985-06-11Rental Item Rental section63138 
2024-12-11621.01 FAI/1970621_010000000000000_FAI_1970Central Library, BUET৬/ক-৫2024-12-11   Central Library, BUET1985-06-11Rental Item Rental section63139 
2024-12-11621.01 FAI/1970621_010000000000000_FAI_1970Central Library, BUET৬/ক-৬2024-12-11   Central Library, BUET1985-06-11Rental Item Rental section63140 
2024-12-11621.01 FAI/1970621_010000000000000_FAI_1970Central Library, BUET৬/ক-৭2024-12-11   Central Library, BUET1985-06-11Rental Item Rental section63141 
2024-12-11621.01 FAI/1970621_010000000000000_FAI_1970Central Library, BUET৬/ক-৮2024-12-11   Central Library, BUET1985-06-11Rental Item Rental section63142 
2024-12-11621.01 FAI/1970621_010000000000000_FAI_1970Central Library, BUET৬/ক-৯2024-12-11   Central Library, BUET1985-06-11Rental Item Rental section63143 
2024-12-11621.01 FAI/1970621_010000000000000_FAI_1970Central Library, BUET৬/ক-১০2024-12-11   Central Library, BUET1985-06-11Rental Item Rental section63144 
2024-12-11621.01 FAI/1970621_010000000000000_FAI_1970Central Library, BUET৬/ক-১১2024-12-11   Central Library, BUET1985-06-11Rental Item Rental section63145 
2024-12-11621.01 FAI/1970621_010000000000000_FAI_1970Central Library, BUET৬/ক-১২2024-12-11   Central Library, BUET1985-06-11Rental Item Rental section63146 
2024-12-11621.01 FAI/1970621_010000000000000_FAI_1970Central Library, BUET৬/ক-১৩2024-12-11   Central Library, BUET1985-06-11Rental Item Rental section63147 
2024-12-11621.01 FAI/1970621_010000000000000_FAI_1970Central Library, BUET৬/ক-১৪2024-12-11   Central Library, BUET1985-06-11Rental Item Rental section63148 
2024-12-11621.01 FAI/1970621_010000000000000_FAI_1970Central Library, BUET৬/ক-১৫2024-12-11   Central Library, BUET1985-06-11Rental Item Rental section63149 
2024-12-11621.01 FAI/1970621_010000000000000_FAI_1970Central Library, BUET৬/ক-১৬2024-12-11   Central Library, BUET1985-06-11Rental Item Rental section63150 
2024-12-11621.01 FAI/1970621_010000000000000_FAI_1970Central Library, BUET৬/ক-১৭2024-12-11   Central Library, BUET1985-06-11Rental Item Rental section63151 
2024-12-11621.01 FAI/1970621_010000000000000_FAI_1970Central Library, BUET৬/ক-১৮2024-12-11   Central Library, BUET1985-06-11Rental Item Rental section63152 
2024-12-11621.01 FAI/1970621_010000000000000_FAI_1970Central Library, BUET৬/ক-১৯2024-12-11   Central Library, BUET1985-06-11Rental Item Rental section63153 
2024-12-11621.01 FAI/1970621_010000000000000_FAI_1970Central Library, BUET৬/ক-২০2024-12-11   Central Library, BUET1985-06-11Rental Item Rental section63154